000 00558nam a22001937a 4500
003 KOHA_MİRAKIL
005 20251003112306.0
008 251003b tu ||||| |||| 00| 0 tur d
020 _a9789753421201
040 _aTR-AnABB
_btur
_cTR-AnABB
041 _atur
082 _a828.3354
_bGUİ 1996
100 1 _aGuin, Ursula Kroeber Le,
245 1 0 _aDünyaya orman denir /
_cUrsula Kroeber Le Guin
260 _aİstanbul :
_bMetis Yayınları,
_c1996
300 _a119 sayfa ;
_c19 cm
650 0 4 _aAmerikan edebiyatı, roman
942 _2ddc
_cBK
999 _c9056
_d9056
900 _bGizem YORULMAZ